[Event "Turnier 40 / 120"]
[Site "Wien"]
[Date "2023.??.??"]
[Round "19"]
[White "Tasc R40 V2.50 Phoenix"]
[Black "ChessGenius Exclusive 300 MHz"]
[Result "1/2-1/2"]
[WhiteElo "2401"]
[BlackElo "2405"]
[Annotator "Christian"]
[PlyCount "120"]
[EventDate "2023.??.??"]

{[%evp 0,120,16,28,25,2,-12,34,42,24,17,17,17,36,29,29,99,97,102,86,97,90,68,91,100,96,116,106,101,95,113,113,134,123,110,106,115,100,105,110,85,104,188,215,224,206,222,222,222,140,149,128,142,164,164,173,197,129,116,137,121,134,139,132,134,152,134,152,152,125,157,140,149,169,169,116,197,126,117,117,148,82,40,72,113,47,68,41,29,37,33,76,93,88,31,68,5,20,24,24,21,21,31,21,21,0,0,0,0,0,0,0,0,0,0,0,0,0,0,0,0,0,0]} {Runde 19: Königsgambit, Falkbeer Gegengambit / Also man muss schon sagen, die Buchleistung des Tasc R40 ist schon grottenschlecht, er spielt ein Königsgambit und kennt das Falkbeer Gegengambit nicht und fliegt schon wieder nach 2 Zügen aus dem Buch. Was dann in weiterer Folge aber MCGE hier veranstaltet ist höflich ausgedrückt einfach letztklassig, bereits nach 7 Zügen verliert er praktisch die Partie mit dem völlig absurden Zug 7. Kf8 ??? (da muss man mehrmals hinsehen, um das zu glauben) und dann in weiterer Folge mit dem absoluten Verlustzug 18. h5 ???. Spätestens hier ist die Partie klar verloren und sollte nur noch Formsache sein, der Tasc R40 spielt dann aber nicht die optimale Fortsetzung, kommt trotzdem noch in ein klar gewonnenes Endspiel, dieses erweist sich dann aber 1x mehr als eine gefürchtete Partiephase für unsere Oldies, selbst jene der Spitzenklassen, es pendelt mehrmals hin und her zwischen einem Sieg für Tasc R40 und Remis, letztlich vergibt dann allerdings Tasc R40 mit dem ganz schwachen Zug 40. Th7+ ?? seine Gewinnchancen. Hier vergibt Tasc R40 eine Riesenchance, an dieser Stelle hätte er die Staffel wieder ausgleichen können, ja fast müssen ! Ein mehr als glückliches Remis für MCGE. Stand: 11,5 : 7,5 für MCGE 300 MHZ (60,53 %)} 1. e4 e5 2. f4 {und schon wieder Buchende} d5 3. exd5 e4 4. d3 Qxd5 {Buchende / lt. Komodo steht Weiss etwas besser mit ca. +0,60} 5. Nc3 {! (KUT).} (5. Qe2 {KUT: Diese Empfehlung von John Nunn in NCO (Nunn's Chess Openings) bringt wenig.} Nf6 6. Nd2 Bf5 7. dxe4 Bxe4 ({aber nicht} 7... Nxe4 8. g4 $18) 8. Nxe4 Nxe4 9. Qb5+ Qxb5 10. Bxb5+ Nd7 $11 {ausgeglichen}) 5... Bb4 6. Bd2 {! (KUT)} Bxc3 7. Bxc3 Kf8 $2 {ein letztklassiger Zug, danach ist Weiss bereits klar im Vorteil, Komodo -1,30, nötig ist natürlich Sf6 mit nur ca. -0,50 KUT: Am stärksten ist jedoch 7...Se7! wie man aus den grossen Datenbanken entnehmen kann. Auch Dragon 3.1 by Komodo Chess 64-bit sieht das so mit 0.43 statt 1.01 für 7...Sf6.} (7... Ne7 8. Bxg7 (8. dxe4 Qxe4+ 9. Qe2 Qxf4 10. Bxg7 Rg8 11. g3 Bg4 12. Qb5+ c6 13. Qxb7 Qe4+ 14. Kd2 Qd5+ 15. Bd3 Qg5+ 16. Ke1 Qxg7 17. Ne2 Nd5 18. Qxa8 Qxb2 19. Kd2 Qb4+ 20. Kc1 Qa3+ 21. Kd2 Qb4+ 22. Kc1 Qa3+ 23. Kd2 Qb4+ 24. Kc1 {½-½ (24) Ojas,K (2206)-Saduakassova,D (2477) Sitges 2021}) 8... Rg8 9. Bf6 Bg4 10. Be2 Bf5 11. Bxe7 Kxe7 12. Kf1 exd3 13. Bf3 Qb5 14. cxd3 Bxd3+ 15. Ne2 Nc6 16. Qb3 Qxb3 17. axb3 Nd4 18. Rd1 Bxe2+ 19. Bxe2 Rad8 20. Bc4 Kf6 21. Kf2 Rge8 22. Rhe1 Rxe1 23. Rxe1 Rd6 24. Re5 c6 25. b4 Nc2 26. b5 Rd4 27. Rc5 Rd2+ 28. Kg3 cxb5 29. Rxb5 Ne3 30. b3 b6 31. Rh5 Nxc4 32. bxc4 Rc2 33. Rxh7 Rxc4 34. Rh5 Rb4 35. h4 Re4 36. Kf3 Re8 37. g4 Rb8 38. Rf5+ Kg7 39. Rg5+ Kf6 40. Rf5+ Ke7 41. Re5+ Kf6 42. Rh5 Rb7 43. Rg5 Rc7 44. h5 Rc6 45. Rd5 a5 46. Rd8 Ke7 47. Ra8 Rc3+ 48. Kg2 Rc2+ 49. Kg3 Rc3+ 50. Kg2 Rc2+ {½-½ (50) Sagues Andreu,X (2108)-Cruz,J (2459) Badalona 2014}) 8. g3 $2 {auch nicht gerade das Gelbe vom Ei, halbiert den Vorteil von Weiss, Komodo +0,60, deutlich besser ist De2} exd3 $2 {ganz schwach immer noch war Sf6 angesagt, Komodo -1,00} 9. Qxd3 Be6 10. O-O-O Qxd3 11. Bxd3 Nc6 12. Nf3 Bd5 $2 {ein ganz schlechter Zug, danach ist die Partie praktisch schon verloren, Komodo -1,60, deutlich besser ist sowohl Sge7 als auch f6, natürlich muss man aber dazusagen, verloren aus Sicht der Top-Engine, der Tasc R40 wird es schon noch gewinnen müssen, erledigt ist das noch nicht} 13. Rhf1 Nge7 14. Ne5 Rd8 15. Rfe1 f6 16. Nxc6 Nxc6 17. Bf5 b6 18. b3 h5 $2 {ein absoluter Verlustzug, danach ist die Partie sofort verloren, Komodo -3,50 mit der Fortsetzung Lb2, nötig war Lf3 mit ca. -1,50} 19. Bb2 Bf3 20. Rxd8+ Nxd8 21. Bg6 Nf7 22. Ba3+ c5 23. b4 Rh6 24. bxc5 $4 {ein ganz schlechter Zug, der den Vorteil von Weiss halbiert, nötig war Ld3, dennoch sollte auch das noch zum Gewinn reichen, Komodo +2,00} Rxg6 25. cxb6+ Kg8 26. Re8+ Kh7 27. bxa7 h4 28. Kb2 $2 {ein schlechter Zug, der den Vorteil von Weiss deutlich reduziert, also jetzt muss der Tasc R40 schön langsam aufpassen, dass er das nicht noch vergeigt, Komodo +1,50, nötig war Lc5 mit ca. +2,30} hxg3 29. hxg3 f5 30. a8=Q {vorzuziehen war Lc5} Bxa8 31. Rxa8 Rxg3 32. Ra7 Kg6 33. Ra6+ {besser ist Lc5} Kh5 34. Bb4 {immer noch war Lc5 die bessere Wahl} Rg2 35. Bc5 {jetzt nicht mehr, da war a4 stärker} Re2 $4 {ein Verlustzug, danach ist die Partie klar verloren, Komodo -2,60 nötig war entweder Td2 oder Sf8 mit jeweils ca. -1,20} 36. a4 $2 {das ist voreilig und reduziert den Vorteil von Weiss deutlich, Komodo +1,50, weit stärker ist Ta7} Re4 $2 {ebenfalls nur zweitklassig, weit mehr Widerstand leistet Te8, Komodo -2,40} 37. Bf8 $4 {ein ganz schlechter Zug, der den Vorteil von Weiss etwa halbiert, Komodo +1,20, weit stärker ist a5} g6 $2 {ein Verlustzug, Komodo -2,80, fast jeder andere in Frage kommende Zug ist besser, nur um einige Beispiele zu nennen: Sd8, Kg4, Txf4, der Textzug ist praktisch der schlechtestmögliche Zug von allen in Frage kommenden Zügen !!!} 38. Ra7 $2 {doch es ist ein weiteres Beispiel für die Schwierigkeit dieser Partiephase, 1x mehr erweist sich ein Endspiel als höchst problematisch auch für Oldies der Spitzenklasse, es kann immer wieder noch etwas passieren, selbst in Stellungen, die nach Top-Engines bereits gewonnnen / verloren sind, aber halt nicht für einen Oldie, der Textzug verspielt einen Grossteil des Vorteiles und bringt den sicher scheinenden Sieg wieder in Gefahr, Komodo "nur" noch +1,20 für Weiss, sofort gewonnen hätte Tf6 mit ca. +3,00} Nd8 39. Bd6 Nc6 {etwas besser ist Td4, Komodo -1,60} 40. Rh7+ $2 {ein grottenschlechter Zug, der den gesamten Vorteil auf einen Schlag verspielt, Komodo 0,00 !!, nötig war Ta6 mit ca. +1,70} Kg4 41. Ka3 Nd4 {nicht optimal, besser ist natürlich einfach Te3+ und der schwarze König muss retour auf die 2. Reihe} 42. Rh2 Re6 43. Bb8 {danach ist die Partie Remsi, Komodo 0,00} Rc6 44. Be5 {besser ist c4, hier könnte Schwarz sogar leicht in Vorteil kommen mittels Sf3, das verpasst aber MCGE} Nxc2+ 45. Kb3 Ne1 46. Rd2 Nf3 47. Rd6 Nxe5 48. fxe5 Rc7 49. Rxg6+ Kf4 50. e6 Ke5 51. a5 f4 52. Kb4 f3 53. Rg3 Kf4 54. Rg6 f2 55. Rf6+ Ke3 56. a6 Ke2 57. Kb5 f1=Q 58. Rxf1 Kxf1 59. Kb6 Re7 60. a7 Rxe6+ 1/2-1/2

[Event "Turnier 40 / 120"]
[Site "Wien"]
[Date "2023.??.??"]
[Round "20"]
[White "ChessGenius Exclusive 300 MHz"]
[Black "Tasc R40 V2.50 Phoenix"]
[Result "1/2-1/2"]
[WhiteElo "2405"]
[BlackElo "2401"]
[Annotator "Christian"]
[PlyCount "109"]
[EventDate "2023.??.??"]

{[%evp 0,109,35,27,23,20,16,12,13,20,25,44,76,80,48,28,64,70,70,69,98,68,78,64,77,57,67,42,45,67,62,69,69,77,81,87,75,89,123,73,88,94,117,95,120,77,84,67,79,79,69,96,103,103,99,100,99,118,107,113,75,88,74,81,121,115,135,128,158,141,143,95,95,52,44,13,29,0,0,42,0,0,0,0,0,0,0,0,0,-13,-16,-13,0,-73,-79,-91,-67,-84,-84,-47,-47,-143,-41,-174,-163,-167,-166,-182,-190,-172,-176,-176] Runde 20: Damenbauernspiel / Im Mittelspiel erreicht MCGE 2 Mehrbauern, die noch dazu geschlossene Freibauern sind und sieht bereits wie der sichere Sieger aus und es war auch tatsächlich eine klare Gewinnstellung, allerdings übersieht er dann einen Konter seines Gegners am Königsflügel und lässt den Vorstoss h4 zu, was ihm in weiterer Folge die Qualität und somit den Sieg kostet, in dieser Runde lässt MCGE einen halben Punkt liegen. Stand: 12,0 : 8,0 für MCGE 300 MHZ (60,00 %)} 1. d4 d5 2. Nf3 Nc6 {Buchende (schon wieder nach 2 Zügen)} 3. e3 Nf6 {Buchbewertung Tasc R40 V 2.5: -0,24} 4. c4 {Buchende} Bf5 5. cxd5 {Buchbewertung MCGE: +0,25 / lt. Komodo eine schlechte Eröffnung von Schwarz: +0,70 für Weiss} Nxd5 $2 {deutlich schwächer als Dxd5, Komodo -1,20} 6. Nbd2 Nf6 7. Qb3 Qd6 8. Qxb7 Rb8 9. Qa6 Rb6 $4 {ein Verlustzug, danach ist die Partie bereits verloren, Komodo -2,30, nötig war Sb4 mit ca. -1,00} (9... Nb4 $1 $14) 10. Qe2 $4 {ein völlig unverständlicher Zug, was bitte soll das sein, den eigenen Läufer zu verstellen und die Entwicklung des Königsflügels zu verhindern, auch danach steht Weiss noch klar auf Gewinn mit ca. +1,80, dennoch ein sinnloser Zug, nötig ist natürlich Da4} Qd5 11. Nc4 {eine bessere Alternative ist a3, Komodo +1,30} Rb8 12. Qd1 {besser ist Ld2, Komodo +1,10} e6 {Sb4 war eine bessere Alternative, Komodo -1,70} 13. Bd2 Be7 14. Be2 O-O 15. O-O Ne4 16. Rc1 Rfc8 17. Be1 Bg4 18. b3 Nf6 19. Nce5 Nxe5 20. Nxe5 Bxe2 21. Qxe2 c5 22. Qa6 $2 {deutlich schwächer als Lc3, Komodo +1,10} Qd6 23. Qxa7 Ra8 24. Qb7 Rab8 25. Qf3 cxd4 26. Rxc8+ Rxc8 27. exd4 Rc2 $4 {ein Verlustzug, danach ist die Partie bereits verloren, Komodo -2,20, deutlich besser ist Da3 mit ca. -1,40} 28. Qa8+ {besser ist a4, aber auch nach dem Textzug steht Weiss klar auf Gewinn, Komodo +2,00} Qd8 29. Qa7 {klar schwächer als Db7, Komodo +1,50} Nd5 30. g3 {klar schwächer als a4, Komodo +1,00} h6 {besser ist Dc8, Komodo -1,30} 31. h3 {schwach, deutlich besser ist a4, verspielt einen Grossteil des Vorteiles, Komodo +0,70} g6 $2 {auch nicht gerade das Gelbe vom Ei, angesagt war immer noch Dc8, der Textzug bringt Weiss wieder deutlich in Vorteil, Komodo -1,50 mit der Fortsetzung a4} 32. a4 Qc8 33. Nc4 Bg5 $4 {ein Verlustzug, danach ist die Partie klar verloren, Komodo -2,50, deutlich besser ist Lf6 mit ca. -1,40} 34. Ba5 $2 {weit schwächer als a5, Komodo +1,70} h5 35. Rd1 $4 {ganz schlecht, verspielt praktisch den gesamten Vorteil, nötig war h4, Komodo +0,40} h4 36. Re1 $2 {besser ist noch Se5, verspielt den letzten Rest des Vorteiles, Komodo 0,00} hxg3 37. fxg3 e5 38. Nxe5 Qf5 39. Qxf7+ Qxf7 40. Nxf7 Be3+ 41. Rxe3 Nxe3 42. Ne5 Rg2+ 43. Kh1 Rxg3 44. b4 Rxh3+ 45. Kg1 Nd5 46. Nc4 {besser ist Kg2, nach dem Textzug ist Schwarz bereits im Vorteil, Komodo +1,00} Rh4 $1 47. Nb6 Rxd4 48. Nxd5 Rxd5 49. Bb6 Rd2 50. a5 Ra2 51. Bc7 Rb2 52. Bd6 Kf7 53. a6 Ke6 54. a7 Ra2 55. Bc5 {Ok das ist nicht mehr zu gewinnen, Userentscheid: Remis} 1/2-1/2

[Event "Turnier 40 / 120"]
[Site "Wien"]
[Date "2023.??.??"]
[Round "21"]
[White "Tasc R40 V2.50 Phoenix"]
[Black "ChessGenius Exclusive 300 MHz"]
[Result "1-0"]
[WhiteElo "2401"]
[BlackElo "2405"]
[Annotator "Christian"]
[PlyCount "31"]
[EventDate "2023.??.??"]

{[%evp 0,31,28,35,38,-15,66,70,60,59,50,50,108,83,123,108,105,109,92,86,111,103,118,118,223,250,258,161,309,306,320,305,305,312] Runde 21: Alt Benoni / Diese Eröffnung gab es auch im Match gegen Tasc R30 V 2.5, dieser verlor damals, sein grosser Bruder macht es aber weit besser und entscheidet die Partie bereits sofort nach dem 1. Fehler seines Gegner zu seinen Gunsten, MCGE kann mit dieser Eröffnung absolut nichts anfangen und verliert die Partie sofort mit dem allerersten berechneten Zug 9. b5 ??, danach ist bereits alles aus, Tasc R30 V 2.5 hatte dann 10. h3 gespielt und den Gegner noch am Leben gelassen, R40 macht es aber besser als sein kleiner Bruder und entscheidet bereits mit 10. e5 !! die Partie zu seinen Gunsten, danach spielt er es staubtrocken runter. Was für ein Debakel für MCGE zum Auftakt der Staffel 3 !!!, eine der schlechtesten Partien, die ich jemals vom MCGE gesehen habe !!!, nach nur 16 Zügen ist alles aus !!! Stand: 12,0 : 9,0 für MCGE 300 MHZ (57,14 %)} 1. d4 e6 2. c4 c5 3. d5 {Buchende} d6 {Buchende} 4. e4 {Buchbewertung Tasc +0,28} Nf6 5. Nc3 g6 {MCGE wieder im Buch} 6. Nf3 exd5 7. cxd5 a6 8. Bf4 Bg4 {Buchende} 9. Be2 {Buchzug / Buchende} b5 $4 {Buchbewertung MCGE: -0,62 / gleich der allererste berechnete Zug ist ein Verlustzug !!, danach ist die Partie bereits verloren, Komodo -2,30, nötig war Sbd7 mit ca. -1,00 / auch diese Eröffnung gab es gegen Tasc R30 V 2.5, damals verschenkte der Tasc R30 nach zahlreichen Gewinnchancen den Sieg und verlor letzlich noch} (9... Bxf3 10. Bxf3 Nbd7 {ist für Computer eine vernünftige Fortsetzung (KUT)}) 10. e5 $3 {aber gleich hier macht es der Tasc R40 besser als sein kleiner Bruder der Tasc R30, der spielte damals den weit schwächeren Zug 10. h3 und liess Schwarz nochmals ins Spiel kommen, der Textzug ist genau die richtige Wahl und gewinnt die Partie, Komodo +2,30 !!} dxe5 $2 {und das besiegelt bereits endgültig das Schicksal, danach ist alles vorbei, deutlich mehr Widerstand leistet noch Lxf3 mit ca. -2,50, Komodo -4,20 !!} 11. Nxe5 Bf5 12. g4 $1 {richtig hier lässt der Tasc R40 nichts mehr zu, Komodo +5,20} Bc8 13. g5 $1 {da sitzt jeder Zug, Komodo +6,50} Nfd7 {MCGE hat keine Ahnung von dieser gesamten Partie und gibt sich hier noch ernsthaft Chancen, nur -1,06, Komodo -7,00, hier war sogar schon Lg7 noch etwas besser und der Sf6 war schon verloren} 14. Nc6 $1 {jeder Zug sitzt, Tasc R40: +3,02 !!} Nxc6 {jetzt klingelt es erst beim MCGE: -2,54 / Komodo -7,50} 15. dxc6 Bg7 16. cxd7+ {Rest geschenkt / was für ein Debakel für MCGE, eine der allerschlechtesten Partien, die ich jemals von ihm gesehen habe !!} 1-0

[Event "Turnier 40 / 120"]
[Site "Wien"]
[Date "2023.??.??"]
[Round "22"]
[White "ChessGenius Exclusive 300 MHz"]
[Black "Tasc R40 V2.50 Phoenix"]
[Result "1-0"]
[WhiteElo "2405"]
[BlackElo "2401"]
[Annotator "Christian"]
[PlyCount "57"]
[EventDate "2023.??.??"]

{[%evp 0,38,28,28,75,68,63,64,65,70,48,59,63,12,21,19,27,16,19,4,11,12,12,0,14,5,5,1,20,-10,3,10,18,41,57,66,66,59,65,65,63] Runde 22: Holländisch, Leningrader Variante / Eine Partie in der sehr schnell die Figuren getauscht werden, bereits nach 20 Zügen sind wir praktisch schon im Endspiel und dort leistet sich dann Tasc R40 V 2.5 mit 22. Sb2 ?? einen echten Megabock, der die Partie sofort verliert, das nützt dann MCGE sofort und gleicht diese Staffel wieder aus.Stand: 13,0 : 9,0 für MCGE 300 MHZ (59,09 %)} 1. d4 f5 2. g3 Nf6 3. Bg2 g6 4. c4 Bg7 5. Nc3 O-O {Buchende} 6. Nh3 d6 {Buchbewertung Tasc R40 V 2.5: -0,41} 7. d5 Na6 8. Be3 {Buchende} Nc5 9. Bxc5 {Buchbewertung MCGE: +0,15 / gleich der 1. berechnete Zug ist nicht ideal, besser ist 0-0, sich gleich so unbedacht vom Läuferpaar zu trennen ist ein klarer Fehlstart, dennoch lt. Komodo ist die Stellung im Lot, nach 0-0 wäre Weiss etwas besser gestanden mit ca. +0,50} dxc5 10. Qb3 Qd6 11. O-O Bd7 12. Nf4 a5 13. a4 Rad8 14. e3 Ng4 $4 {ein ganz schlechter Zug, danach steht Weiss bereits klar besser, Komodo -1,50, nötig war g5 mit Ausgleich, R40 spielt diese Zug, obwohl er Sb5 sieht und sich da mit -0,52 bewertet, also dass er da nichts Besseres findet ist schon schwach} 15. Rfd1 $4 {aber MCGE verpasst die Chance, der Textzug verspielt nahezu den gesamten Vorteil, Komodo +0,40, klaren Vorteil versprach Sb5} Qb6 16. Qxb6 cxb6 17. Ne6 Bxe6 18. dxe6 Bxc3 19. bxc3 Rxd1+ 20. Rxd1 Ne5 21. Rd5 Nxc4 22. Rd7 Nb2 $2 {ein absoluter Verlustzug !!!, danach ist die Partie sofort verloren, Komodo -4,50 !!!, nötig war Te8 mit nur ca. -0,30} ({Leptir Analyzer-avx2:} 22... Re8 23. Rxb7 Kf8 24. Bd5 Nb2 25. Bc6 Rd8 26. Bd7 c4 27. Rxb6 Nd1 28. Rb5 Nxc3 29. Rxa5 Ne4 30. f3 Nd6 31. Rc5 Rb8 32. Kf1 Rb1+ 33. Ke2 Rb2+ 34. Kd1 Rxh2 35. e4 fxe4 36. fxe4 h5 37. a5 Ra2 38. Bc6 c3 39. Bd5 Ra4 40. Kc2 Nxe4 {[%eval 35,29]}) 23. Rxe7 Rb8 $2 {hier ist es schon egal, aber deutlich besser ist noch Tf6 mit ca. -4,50, Komodo -6,50} 24. Bd5 Rd8 25. Rd7 Re8 26. Rxb7 Kh8 27. e7 Nxa4 28. Bc6 Rxe7 29. Rxe7 {Rest geschenkt} 1-0

[Event "Turnier 40 / 120"]
[Site "Wien"]
[Date "2023.??.??"]
[Round "23"]
[White "Tasc R40 V2.50 Phoenix"]
[Black "ChessGenius Exclusive 300 MHz"]
[Result "1/2-1/2"]
[WhiteElo "2401"]
[BlackElo "2405"]
[Annotator "Christian"]
[PlyCount "131"]
[EventDate "2023.??.??"]

{[%evp 0,61,26,20,26,19,47,26,31,34,28,13,18,29,21,19,35,9,1,9,10,-7,24,25,26,29,56,50,58,82,99,75,90,80,92,94,103,77,85,85,130,96,100,95,85,91,89,87,87,88,76,78,80,75,73,42,51,59,54,61,77,77,68,65] Runde 23: Damenindisch / Eine solide Partie beider Geräte ohne gravierende Fehler bis zum Ende endet mit einem gerechten Remis. Stand: 13,5 : 9,5 für MCGE 300 MHZ (58,70 %)} 1. Nf3 Nf6 2. d4 b6 3. Bg5 Bb7 4. e3 e6 5. Bd3 {Buchende} Be7 {Buchende} 6. c4 {Buchbewertung Tasc R40 V 2.5: +0,39} O-O 7. Nc3 d5 {MCGE zurück im Buch.} 8. Bxf6 Bxf6 9. cxd5 exd5 {Buchende / auch diese Eröffnung gab es im Match gegen Tasc R30 V2.5 und endet Remis} 10. Qc2 h6 {Buchbewertung MCGE: -0,75 / lt. Komodo steht Weiss knapp besser mit ca. +0,30} 11. O-O Re8 12. Rac1 c5 13. dxc5 bxc5 14. Rfd1 Bxc3 $2 {ein schwacher Zug, deutlich besser ist d4, Komodo -1,00} ({Leptir Analyzer-avx2:} 14... d4 15. Ne4 Na6 16. a3 Rc8 17. Nfd2 Nc7 18. Nxc5 Ne6 19. Nxb7 Rxc2 20. Nxd8 Rxc1 21. Rxc1 dxe3 22. Nxe6 exd2 23. Rd1 Bg5 24. Bc4 fxe6 25. h4 Bxh4 26. Rxd2 Kf8 27. g3 Bf6 28. Kh2 Ke7 29. f4 Rc8 30. b3 {[%eval 12,26]}) 15. Qxc3 Nd7 16. Bf5 Rc8 17. Qa3 a6 18. Bxd7 Qxd7 19. Rxc5 Rxc5 20. Qxc5 Qa4 21. b3 Qxa2 22. Nd4 Rc8 23. Qb4 Rc7 24. Kf1 Qb2 25. Qd6 Qc3 26. Qd8+ Kh7 27. b4 Bc8 28. h3 Bd7 29. Kg1 Rb7 30. Qa8 Qxb4 31. Qxa6 Rc7 32. Qd3+ Kg8 33. Rb1 Qa4 34. Rb8+ Rc8 35. Rxc8+ Bxc8 36. Qc3 Qd7 37. Qa5 {erst hier weicht die Partie nun ab von jener gegen Tasc R30 V 2.5, der spielte damals 37. g4, vom Ergebnis her ist die Partie auf Remiskurs} Qb7 38. Qd8+ Kh7 39. Kh2 Qb8+ 40. g3 Qb7 41. g4 Qd7 42. Qf8 h5 43. f3 hxg4 44. hxg4 Qc7+ 45. Kg2 Be6 46. Qb4 Qe5 47. Qa3 Bd7 48. Qd3+ Kh8 49. Qc3 Kg8 50. Qb3 Kh7 51. Qa3 Be8 52. f4 Qe4+ 53. Kf2 f6 54. Qd6 Qd3 55. Qb4 Qd1 56. Qa5 Bd7 57. f5 Qxg4 58. Qxd5 Be8 59. Qb7 Bh5 60. Qh1 Kh6 61. Qh2 Qd1 62. Qf4+ Kh7 63. Qe4 Bf7 64. Kg2 Qd2+ 65. Kh3 Qa2 66. Qf4 {die Stellung gibt nichts mehr her: Userentscheid: Remis} 1/2-1/2